| 000 | 00718nam a2200205 a 4500 | ||
|---|---|---|---|
| 008 | |||
| 020 | _a0467200028 (hbk.) | ||
| 049 | _aMAIN | ||
| 090 |
_aTA410 _bMIC |
||
| 245 | 0 |
_aMiCon 78 : _boptimisization of processing, properties, and service performance through microsrtuctural control / _ca symposium sponsored by ASTM committee E-4 on metallography. |
|
| 260 |
_aPhiladelphia : _bASTM, _c1979. |
||
| 300 |
_a650 p . : _bill. ; _c24 cm. |
||
| 490 | _aAmerican society for testing and materials STP 672 . | ||
| 500 | _aIncludes index. | ||
| 907 |
_a.b10233192 _b02-05-07 _c19-02-07 |
||
| 003 | |||
| 005 | 20230123134403.0 | ||
| 040 | _cNUST | ||
| 942 |
_cBOOKS _kTA410 _mMIC |
||
| 999 |
_c165036 _d165036 |
||